| 000 | 00740nam a22001697a 4500 | ||
|---|---|---|---|
| 003 | BD-ChCU | ||
| 005 | 20260118121054.0 | ||
| 008 | 260118b bg ||||| |||| 00| 0 ben d | ||
| 040 | _cBD-ChCU | ||
| 082 |
_222 _a৩৩০.৯৫৪ দত্ত২৭ভা |
||
| 100 |
_aদত্ত, শ্রীরমেশচন্দ্র। _919358 |
||
| 245 |
_aভারতবর্ষের অর্থনৈতিক ইতিহাস/ _cশ্রীরমেশচন্দ্র দত্ত। |
||
| 260 |
_aকলিকাতাঃ _bবিশ্বভারতী গ্রন্থালয়, _c১৯.. |
||
| 300 | _a৭১ পৃ. | ||
| 650 | 0 |
_aভারত- অথনৈতিক অবস্থা। _919361 |
|
| 942 |
_2ddc _cBK _n0 |
||
| 999 |
_c111111 _d111111 |
||